书目信息 |
| 题名: |
地面绿化手册
|
|
| 作者: | ;都是绿化技术开发机构、地面植被共同研究会 编 | |
| 分册: | ||
| 出版信息: | 北京 中国建筑工业出版社 2003.09 |
|
| 页数: | 220页 | |
| 开本: | 26cm | |
| 丛书名: | ||
| 单 册: | ||
| 中图分类: | S731-62 | |
| 科图分类: | ||
| 主题词: | 绿化 | |
| 电子资源: | ||
| ISBN: | 7-112-05908-9 | |
| 000 | 00742nam0 2200193 45 | |
| 001 | 0338338691 | |
| 005 | 20191103081646.67 | |
| 010 | @a7-112-05908-9@d68.00CNY | |
| 100 | @a20030902d2003 km y0chiy0120 ea | |
| 101 | 0 | @achi |
| 102 | @aCN@b110000 | |
| 200 | 1 | @a地面绿化手册@ADi Mian Lu Hua Shou Ce@f(日)都是绿化技术开发机构、地面植被共同研究会编@F(Ri)Dou Shi Lu Hua Ji Shu Kai Fa Ji Gou、Di Mian Zhi Bei Gong Tong Yan Jiu Hui Bian |
| 210 | @a北京@c中国建筑工业出版社@d2003.09 | |
| 215 | @a220页@d26cm | |
| 606 | 0 | @a绿化 |
| 690 | @aS731-62@v3 | |
| 711 | 0 | @a都是绿化技术开发机构、地面植被共同研究会@ADou Shi Lu Hua Ji Shu Kai Fa Ji Gou、Di Mian Zhi Bei Gong Tong Yan Jiu Hui@4编 |
| 801 | 0 | @aCN@bPFT@c20191103 |
| 905 | @a安徽大学@dS731-62@eD784 | |
| 地面绿化手册/(日)都是绿化技术开发机构、地面植被共同研究会编.-北京:中国建筑工业出版社,2003.09 |
| 220页;26cm |
| ISBN 7-112-05908-9:68.00CNY |
| ● |
| 相关链接 |
|
|
|
正题名:地面绿化手册
索取号:S731-62/D784
 
预约/预借
| 序号 | 登录号 | 条形码 | 馆藏地/架位号 | 状态 | 备注 |
| 1 | 1449553 | 214495535 | 自科库401/401自科库 1排1列2层/ [索取号:S731-62/D784] | 在馆 | |
| 2 | 1449554 | 214495544 | 自科库401/401自科库 1排1列2层/ [索取号:S731-62/D784] | 在馆 | |
| 3 | 1449555 | 214495553 | 自科库401/401自科库 1排1列2层/ [索取号:S731-62/D784] | 在馆 | |
| 4 | 392616 | 203926163 | 自科二线504/504自科库 47排2列4层/ [索取号:S731-62/D784] | 在馆 | |
| 5 | 392617 | 203926172 | 自科二线504/504自科库 47排2列3层/ [索取号:S731-62/D784] | 在馆 | |
| 6 | 392618 | 203926181 | 自科二线504/504自科库 47排2列2层/ [索取号:S731-62/D784] | 在馆 |